W jakich miastach rozgrywa się najczęściej akcja amerykańskich filmów? - Statystyki

Ogólne statystyki
  • Ten quiz został rozwiązany 66 razy
  • Średni wynik to 5 z 7
Statystyki odpowiedzi
Odpowiedź % Poprawnych
Nowy Jork
98%
Los Angeles
89%
Waszyngton
77%
Las Vegas
75%
Miami
75%
Boston
59%
Seattle
36%
Nie znaleziono quizów pasujących do podanych kryteriów
Rozkład punktacji
Procent ludzi z każdym wynikiem
Percentyl według liczby udzielonych odpowiedzi
Twoja historia wyników
Nie rozwiązałeś tego quizu